000 00575nam a2200229Ia 4500
003 OSt
005 20221006164418.0
006 a|||||r|||| 00| 0
007 ta
008 221006b |||||||| |||| 00| 0 eng d
024 _a2,438
037 _cTextual
040 _aFML
_cFML
_beng
041 _2eng
_aeng
082 _aV2 ' E, K4
100 _aSachan Edward Au.
_9677409
245 0 _aAlberuni's India
260 _aDelhi
_bS Chand
_c1964
300 _a431
_ccm.
942 _hV2 ' E, K4
_cTEXL
_2CC
999 _c1117180
_d1117180